000 01662nam0a2200373 i 4500
001 RU\NLR\BIBL_A\010795824
005 20241103110719.0
010 _a9785971022770
021 _aRU
_b2015-40786
_92427
035 _a(NILC)RuMoRGB-007945800
035 _a(NLR Aleph) 010795824
090 _a10135894
_c10135894
100 _a20150702d2015 km y0rusy50 ca
101 1 _arus
_cfre
102 _aRU
105 _ay z 000yy
200 1 _aФранцузы и русские в Крыму
_dFrançais et russes en Crimée
_eписьма французского офицера к своей семье во время восточной войны, 1853-1856 гг.
_fЖ. Ф. Ж. Эрбе
_gпер. с фр. и предисл. С. Л. Халютина
_zfre
205 _aИзд. 2-е
_b[репр.]
210 _aМосква
_cURSS
_cЛЕНАНД
_d2015
215 _a327, [2] с.
_d22
225 1 _aАкадемия фундаментальных исследований: история
300 _aАвт. также на фр. яз.: Jean François Jules Herbé
510 1 _6z45790
_aFrançais et russes en Crimée
_zfre
606 _aКрымская война
_jВоспоминания, записки и т.п
_z1853 - 1856
_91302070
_3RU\NLR\AUTH\66222054
686 1 _aТ3(2)472-684,013
686 1 _aЦ35(2)472.1,013
700 1 _aЭрбе
_bЖ. Ф. Ж.
_gЖан Франсуа Жюль
790 1 _6z45510
_aHerbé
_bJ.F.J.
_gJean François Jules
801 0 _aRU
_bРГБ
_c20150603
_gRCR
801 1 _aRU
_bРГБ
_c20150603
_2rusmarc
942 _cBOOK
980 _aNBR